01003nam a2200241 i 4500001000300000100002000003245008800023260003300111300002500144490011600169504001400285650004300299650004400342830010400386040000800490041000700498080003400505942000700539008004100546999001700587856009800604952005900702bg1 aSIKORSKA, Alina10aPrzedsiębiorczość na wsi w świetle ankiety IERiGŻ 2000 /cAlina Sikorska. aWarszawa :bIERiGŻ,c2001. a25, [1] s. ;c20 cm.1 aKomunikaty. Raporty. Ekspertyzy / Instytut Ekonomiki Rolnictwa i Gospodarki Żywnościowej,x0239-8591 ;v472 aBibliogr. 9aWieśxgospodarkazPolskayod 1989 r. 9aWieśxludnośćzPolskayod 1989 r. 0aKomunikaty. Raporty. Ekspertyzy (Instytut Ekonomiki Rolnictwa i Gospodarki Żywnościowej) ;v472 cBPK0 apl a338.43:314](438-22)"1989/..." cKS s pl f |000 0 pol  c35680d35680 uhttp://koha.tu.koszalin.pl/cgi-bin/koha/opac-detail.pl?biblionumber=35680yKatalog online BPK 00104071aBPKbBPKccoS 65p01906585t338.43 EryKS